[Event "British Universities-ch"]
[Site "Leicester"]
[Date "2024.02.24"]
[Round "?"]
[White "Choong, Han Sen"]
[Black "Shepherd, Tom"]
[Result "1-0"]
[WhiteElo "1816"]
[BlackElo "1761"]
[PlyCount "77"]
[EventDate "2024.02.24"]
[EventType "team-swiss (rapid)"]
[EventRounds "9"]
[EventCountry "ENG"]
[SourceTitle "CB11_2024"]
[SourceDate "2024.03.13"]
[SourceVersion "1"]
[SourceVersionDate "2024.03.13"]
[SourceQuality "1"]
[WhiteTeam "Imperial"]
[BlackTeam "Bristol"]
[WhiteTeamCountry "ENG"]
[BlackTeamCountry "ENG"]

1. e3 d5 2. d4 Nf6 3. Nf3 e6 4. Bd3 c5 5. c3 Nc6 6. Nbd2 Bd6 7. dxc5 Bxc5 8. b4 Bd6 9. b5 Na5 10. 0-0 0-0 11. Re1 Qc7 12. Bb2 Rd8 13. Qe2 b6 14. e4 dxe4 15. Nxe4 Bb7 16. Nxf6+ gxf6 17. c4 Bxf3 18. Qxf3 Bxh2+ 19. Kh1 Be5 20. Rxe5 fxe5 21. Qg3+ Kf8 22. Bxe5 Qc5 23. Bf6 Qh5+ 24. Kg1 Rxd3 25. Qxd3 Qg6 26. Qd6+ Kg8 27. Bc3 h6 28. Rd1 Kh7 29. Rd3 Rg8 30. Rg3 Qb1+ 31. Kh2 Qe4 32. Qc7 Qf5 33. Rxg8 Kxg8 34. Qd8+ Kh7 35. Qh8+ Kg6 36. Qg7+ Kh5 37. g4+ Qxg4 38. Qxg4+ Kxg4 39. Bxa5 1-0